Statistiques concernant Films avec Jean-Christophe Bouvet par image

Cliquez ici pour prendre le quiz!

Statistiques générales

  • Ce quiz a été pris 4 fois
  • Le résultat moyen est 6 sur 16

Statistiques - réponses

Réponse% Correct
La Cité de la peur
100%
Notre musique
67%
Sous le soleil de Satan
67%
Taxi 2
67%
Cinéman
33%
Deux Rémi, deux
33%
La Machine
33%
Le Prestige de la mort
33%
Les Passagers
33%
L'Ivresse du pouvoir
33%
Loin de Manhattan
33%
Marie-Antoinette
33%
Saltimbank
33%
Les Naufragés de la D17
0%
Les Rencontres d'après minuit
0%
Que le diable nous emporte
0%

Distribution des résultats

Percentile par nombre de réponses

% des personnes avec chaque résultat

Votre développement - résultats

Vous n’avez pas pris ce quiz